[Event "Mistrzostwa KKSz Seniorow 2010"]
[Site "Krakow"]
[Date "2010.08.14"]
[Round "6.2"]
[White "Gregulski, Zbigniew"]
[Black "Gawronski, Lukasz"]
[Result "1/2-1/2"]
[BlackElo "2056"]
[BlackTitle "I"]
[WhiteElo "1915"]
[WhiteTitle "I"]

1. d4 e6 2. e4 d5 3. Nd2 Nf6 4. Bd3 c5 5. e5 Nfd7 6. c3 Nc6 7. Ne2 cxd4 8. cxd4
Qb6 9. Nf3 f6 10. exf6 Nxf6 11. O-O Bd6 12. a3 O-O 13. Nc3 e5 14. dxe5 Nxe5 15.
Nxe5 Bxe5 16. Nxd5 Nxd5 17. Bc4 Bd4 18. Bxd5+ Kh8 19. Be3 Bxe3 20. fxe3 Be6 21.
Bxe6 Qxe3+ 22. Kh1 Qxe6 23. Rxf8+ Rxf8 24. h3 Qb6 25. Qc2 h6 26. Rc1 Rf2 27.
Qc8+ Kh7 28. Qd7 Rxb2 29. Qd3+ Qg6 30. Qf3 Rb1 31. Rxb1 Qxb1+ 32. Kh2  1/2-1/2

[Event "Mistrzostwa KKSz Seniorow 2010"]
[Site "Krakow"]
[Date "2010.08.14"]
[Round "6.3"]
[White "Zajac, Mateusz"]
[Black "Polek, Marek"]
[Result "1-0"]
[BlackElo "1703"]
[BlackTitle "II+"]
[WhiteElo "1871"]
[WhiteTitle "II"]

1. d4 d5 2. c4 e6 3. Nf3 Nf6 4. g3 Be7 5. Bg2 O-O 6. O-O dxc4 7. Qc2 c5 8. dxc5
Bxc5 9. Qxc4 Qc7 10. Qh4 Nc6 11. Nc3 Ne7 12. Bf4 Bd6 13. Nb5 Qd7 14. Nxd6 Ng6
15. Qg5 Nxf4 16. Qxf4 Nd5 17. Qe5 f6 18. Qd4 Qxd6 19. e4 Re8 20. exd5 e5 21.
Qc4 e4 22. Nd4  1-0

[Event "Mistrzostwa KKSz Seniorow 2010"]
[Site "Krakow"]
[Date "2010.08.14"]
[Round "6.4"]
[White "Trebala, Michal"]
[Black "Czaplak, Lukasz"]
[Result "0-1"]
[BlackElo "1714"]
[BlackTitle "II"]
[WhiteElo "1614"]
[WhiteTitle "III"]

1. d4 Nf6 2. c4 e6 3. Nc3 d5 4. Bg5 Be7 5. Nf3 O-O 6. e3 b6 7. Qb3 Bb7 8. Be2
Nbd7 9. O-O h6 10. Bxf6 Nxf6 11. Ne5 c5 12. dxc5 Bxc5 13. Rfd1 Qc7 14. Nf3 dxc4
15. Qxc4 Rac8 16. Rac1 Qb8 17. Qb3 Ng4 18. h3 Bxf3 19. Bxf3 Qh2+ 20. Kf1 Nf6
21. Ne4 Nxe4 22. Bxe4 Kh8 23. Ke2 Qe5 24. Bf3 Rcd8 25. Qc3 Qg5 26. b4 Be7 27.
a4 Qh4 28. Rd4 Rxd4 29. exd4 Bf6 30. Rd1 Rd8 31. Bg4 Qg5 32. Qc7 Qd5 33. Bf3
Qa2+ 34. Kf1 Qxa4 35. Qxf7 Qxb4 36. Be4 Qa4 37. Re1 Qe8 38. Qxa7 Bxd4 39. Qa2
Bc3 40. Rc1 Bb4 41. Qb3 Bc5 42. Rd1 Bd4 43. Qc4 e5 44. Qc6 Qf7 45. Bf3 Re8 46.
Qe4 Rc8 47. Qb7 Qxb7 48. Bxb7 Rc2 49. f3 Rf2+ 50. Ke1 Rxg2 51. f4 Rg1+ 52. Ke2
Rxd1 53. Kxd1 exf4 54. Ke2 g5 55. Kf3 Kg7 56. Be4 h5 57. Bd3 Kf6 58. Be4 b5 59.
Bd3 b4 60. h4 g4+ 61. Kxf4 Bf2 62. Be4 Bxh4 63. Bd3 b3 64. Be4 b2 65. Bc2 Bg5+
66. Kg3 Ke5  0-1

[Event "Mistrzostwa KKSz Seniorow 2010"]
[Site "Krakow"]
[Date "2010.08.14"]
[Round "6.5"]
[White "Makowka, Kamil"]
[Black "Zaskalski, Dawid"]
[Result "0-1"]
[BlackElo "1874"]
[BlackTitle "I"]
[WhiteElo "1842"]
[WhiteTitle "II"]

1. c4 c5 2. Nc3 g6 3. e4 e5 4. g3 Bg7 5. Bg2 Ne7 6. Nge2 O-O 7. d3 Nbc6 8. O-O
a6 9. Rb1 Rb8 10. a4 Nb4 11. f4 d6 12. h3 Be6 13. Nd5 Nexd5 14. cxd5 Bd7 15. b3
b5 16. f5 gxf5 17. exf5 f6 18. Nc3 bxa4 19. bxa4 a5 20. g4 Qb6 21. Be3 Qa6 22.
Be4 Kh8 23. Rb2 Nxd5 24. Rxb8 Nxe3 25. Rxf8+ Bxf8 26. Qe2 Nxf1 27. Qxf1 Bc6 28.
Qf3 Bxe4 29. Qxe4 Qb6 30. Qc4 Kg7 31. Nb5 Qc6 32. Kh2 d5 33. Qc3 Qb6 34. Qd2
Bd6 35. Kg2 Bc7 36. g5 Bd8 37. h4 Qc6 38. Kg3 c4 39. dxc4 Qxc4 40. Nd6 Qc6 41.
Nb5 d4 42. gxf6+ Qxf6 43. Qd3 Qxh4+ 44. Kg2 Qg4+ 45. Kf1 Be7 46. Na7 Bf6 47.
Nc6 e4 48. Qb5 Qf3+ 49. Kg1 e3 50. Qb7+ Kh6 51. Nxa5 Qf2+ 52. Kh1 Qf1+  0-1

[Event "Mistrzostwa KKSz Seniorow 2010"]
[Site "Krakow"]
[Date "2010.08.14"]
[Round "6.6"]
[White "Wojtyna, Marek"]
[Black "Krupinski, Jerzy"]
[Result "1-0"]
[BlackElo "1982"]
[BlackTitle "I"]
[WhiteElo "1720"]
[WhiteTitle "II"]

1. d4 Nf6 2. Nf3 d5 3. c4 c6 4. cxd5 cxd5 5. Nc3 e6 6. Bf4 Nc6 7. e3 Be7 8. Bb5
O-O 9. O-O a6 10. Bd3 Nb4 11. Bb1 b5 12. a3 Nc6 13. Ne5 Bb7 14. Bd3 Nxe5 15.
Bxe5 Nd7 16. f4 g6 17. Qg4 Re8 18. Rf3 Bf8 19. h4 f5 20. Qh3 h5 21. Qg3 Kh7 22.
Qe1 Nxe5 23. fxe5 b4 24. Ne2 a5 25. Bb5 Re7 26. axb4 axb4 27. Rxa8 Bxa8 28. Nf4
Qb6 29. Qg3 Rg7 30. Be8 Qd8 31. Bxg6+ Kh6 32. Nxe6 Rxg6  1-0

[Event "Mistrzostwa KKSz Seniorow 2010"]
[Site "Krakow"]
[Date "2010.08.14"]
[Round "6.7"]
[White "Kapcia, Janusz"]
[Black "Kosztyla, Andrzej"]
[Result "0-1"]
[BlackElo "1681"]
[BlackTitle "II"]
[WhiteElo "1468"]
[WhiteTitle "II"]

1. c4 e5 2. e4 d6 3. Nc3 Nf6 4. h3 Nc6 5. Nf3 Be7 6. d3 O-O 7. Be3 b6 8. a3 a5
9. Be2 Ba6 10. Qd2 Qd7 11. Bd1 Qe6 12. Nd5 Bd8 13. g4 Ne7 14. Ng5 Qd7 15. Nc3
c6 16. Nf3 Bc7 17. Nh4 d5 18. exd5 cxd5 19. cxd5 Nfxd5 20. Bc2 Nxe3 21. fxe3
Rad8 22. O-O-O b5 23. Ne4 Qc6 24. Kb1 Bb6 25. Rc1 Qxe4 26. Ng2 Qd5 27. e4 Qxe4
28. Rhe1 Qd5 29. Re2 Nc6 30. Rce1 b4 31. Rd1 bxa3 32. Ne3 Bxe3 33. Rxe3 axb2
34. Qc3 Nd4 35. Ba4 Rc8 36. Qe1 Rc1+ 37. Rxc1 bxc1=Q+ 38. Qxc1 Rb8+ 39. Ka1
Nb3+ 40. Bxb3 Qxb3 41. d4 Qa4+ 42. Ra3 Qxd4+ 43. Rc3 Rc8 44. Kb2 Qxc3+ 45. Qxc3
Rxc3 46. Kxc3 f6  0-1

[Event "Mistrzostwa KKSz Seniorow 2010"]
[Site "Krakow"]
[Date "2010.08.14"]
[Round "7.1"]
[White "Sliwerski, Radoslaw"]
[Black "Zaskalski, Dawid"]
[Result "0-1"]
[BlackElo "1874"]
[BlackTitle "I"]
[WhiteElo "2173"]
[WhiteTitle "k++"]

1. d4 g6 2. g3 Nf6 3. Nf3 Bg7 4. Bg2 O-O 5. O-O d5 6. c4 c6 7. cxd5 cxd5 8. Nc3
Nc6 9. Ne5 e6 10. Nxc6 bxc6 11. Na4 Ne4 12. f3 Nd6 13. Be3 Rb8 14. b3 Nf5 15.
Bf2 Qf6 16. e3 e5 17. g4 Nd6 18. Rc1 exd4 19. Rxc6 Bd7 20. Rc2 dxe3 21. Bxe3 d4
22. Bf2 Bxa4 23. bxa4 Rfc8 24. Bg3 Rxc2 25. Qxc2 Rc8 26. Qb3 Qe7 27. Re1 Qd8
28. Bf1 Bh6 29. Ba6 Rc6 30. Bf1 Be3+ 31. Kg2 Qa5 32. Rd1 Qc5 33. Qb8+ Rc8 34.
Qb3 Nc4 35. Bd3 Nd2 36. Qb7 Qc6 37. Qxc6 Rxc6 38. Bf2 Rc3 39. Bb5 Rc2 40. Kg3
Bxf2+ 41. Kxf2 Ne4+ 42. Kg1 Ng5 43. Rd3 Nh3+ 44. Kf1 Rc1+  0-1

[Event "Mistrzostwa KKSz Seniorow 2010"]
[Site "Krakow"]
[Date "2010.08.14"]
[Round "7.2"]
[White "Gregulski, Zbigniew"]
[Black "Zajac, Mateusz"]
[Result "1/2-1/2"]
[BlackElo "1871"]
[BlackTitle "II"]
[WhiteElo "1915"]
[WhiteTitle "I"]

1. e4 c5 2. Nf3 d6 3. d4 cxd4 4. Nxd4 Nf6 5. Nc3 a6 6. Be2 e5 7. Nb3 Be7 8. O-O
O-O 9. Bg5 Nbd7 10. Qd2 b6 11. Rfd1 Bb7 12. f3 Qc7 13. Rac1 Rfe8 14. Bf1 Rad8
15. Kh1 h6 16. Bh4 Nxe4 17. Nxe4 Bxh4 18. Qxd6 Qc8 19. Qb4 Bxe4 20. Qxe4 Bg5
21. Rb1 Nf6 22. Qc4 Rxd1 23. Rxd1 e4 24. Qxc8 Rxc8 25. c3 exf3 26. gxf3 a5 27.
a4 Be3 28. Kg2 Nh5 29. Bb5 Nf4+ 30. Kf1 Ne6 31. Ke2 Bf4 32. h3 Rc7 33. Rd7 
1/2-1/2

[Event "Mistrzostwa KKSz Seniorow 2010"]
[Site "Krakow"]
[Date "2010.08.14"]
[Round "7.3"]
[White "Gawronski, Lukasz"]
[Black "Betlej, Jan"]
[Result "1-0"]
[BlackElo "1834"]
[BlackTitle "II"]
[WhiteElo "2056"]
[WhiteTitle "I"]

1. d4 c5 2. d5 Nf6 3. Nc3 e6 4. e4 exd5 5. exd5 d6 6. Nf3 Be7 7. Be2 O-O 8. O-O
Bg4 9. Nd2 Bxe2 10. Qxe2 a6 11. a4 Nbd7 12. Nc4 Re8 13. Qf3 Ne5 14. Nxe5 dxe5
15. Bg5 Nxd5 16. Bxe7 Nxe7 17. Qxb7 Qb8 18. Qxb8 Raxb8 19. b3 f5 20. Rfd1 Nc6
21. Rd6 Nb4 22. Rc1 Rbd8 23. Rcd1 Rxd6 24. Rxd6 Nxc2 25. Rxa6 Nd4 26. Rb6 Rd8
27. Kf1 Kf7 28. a5 Ke7 29. a6 Rd7 30. Na4 Rc7 31. Rb7 Rxb7 32. axb7 Nc6 33.
Nxc5 Nb8 34. Ke2 Kd6 35. b4 Kd5 36. h4 g6 37. g3 h6 38. Kd3 g5 39. h5 e4+ 40.
Ke3 Kd6 41. Kd4 Nc6+ 42. Kc4 Nb8 43. b5 Kc7 44. Na6+ Kxb7 45. Nxb8 Kxb8 46. Kd5
f4 47. Kxe4 fxg3 48. fxg3  1-0

[Event "Mistrzostwa KKSz Seniorow 2010"]
[Site "Krakow"]
[Date "2010.08.14"]
[Round "7.4"]
[White "Czaplak, Lukasz"]
[Black "Kosztyla, Andrzej"]
[Result "1-0"]
[BlackElo "1681"]
[BlackTitle "II"]
[WhiteElo "1714"]
[WhiteTitle "II"]

1. e4 e5 2. Nf3 Nf6 3. Nxe5 d6 4. Nf3 Nxe4 5. d4 d5 6. Bd3 Nf6 7. O-O Be7 8. Re1
O-O 9. Bg5 Bg4 10. Nbd2 Re8 11. c3 Nbd7 12. Qb3 Nb6 13. Ne5 Bh5 14. a4 a5 15.
Bb5 Rf8 16. h3 Rb8 17. Bd3 Nbd7 18. Nxd7 Qxd7 19. Re5 c6 20. Bxf6 Bxf6 21. Rxh5
g6 22. Re5 Bxe5 23. dxe5 Rfe8 24. Nf3 Kg7 25. Qb6 Qd8 26. Qd4 h6 27. g3 Re6 28.
Re1 Qc7 29. Nh4 Rbe8 30. f4 Rd8 31. Qf2 c5 32. Kh2 c4 33. Bb1 Qc6 34. f5 Ree8
35. fxg6 fxg6 36. Nxg6 Qxa4 37. Qf6+ Kg8 38. Qh8+ Kf7 39. Qh7+ Ke6 40. Nf4# 
1-0

[Event "Mistrzostwa KKSz Seniorow 2010"]
[Site "Krakow"]
[Date "2010.08.14"]
[Round "7.6"]
[White "Polek, Marek"]
[Black "Makowka, Kamil"]
[Result "1-0"]
[BlackElo "1842"]
[BlackTitle "II"]
[WhiteElo "1703"]
[WhiteTitle "II+"]

1. e4 c6 2. d4 d5 3. exd5 cxd5 4. Bd3 Nf6 5. Ne2 Bg4 6. O-O e6 7. Bg5 Be7 8. c3
O-O 9. f3 Bh5 10. Nf4 Nbd7 11. Nd2 Bg6 12. Nxg6 hxg6 13. Re1 Nh7 14. Bxe7 Qxe7
15. b3 Qf6 16. Rc1 a6 17. Qe2 Rfe8 18. Qf2 Rac8 19. c4 dxc4 20. bxc4 Nb6 21.
Ne4 Qd8 22. c5 Nd5 23. Nd6 Nf4 24. Rcd1 Qg5 25. Qg3 Red8 26. Qxg5 Nxg5 27. Nxc8
Rxc8 28. h4 Nh7 29. Be4 Rc7 30. Rb1 Re7 31. Kf2 Rc7 32. Rxb7  1-0

[Event "Mistrzostwa KKSz Seniorow 2010"]
[Site "Krakow"]
[Date "2010.08.14"]
[Round "7.8"]
[White "Kapcia, Marcin"]
[Black "Kapcia, Janusz"]
[Result "0-1"]
[BlackElo "1468"]
[BlackTitle "II"]
[WhiteElo "1542"]
[WhiteTitle "III"]

1. e4 c5 2. Nf3 Nc6 3. d4 e6 4. Nc3 a6 5. Be2 h6 6. O-O Nf6 7. Re1 Be7 8. d5 Na7
9. d6 Bf8 10. e5 Nh7 11. Bd3 b5 12. Be3 Bb7 13. Bxc5 Nc6 14. Be4 g5 15. Nd4 Bg7
16. Nxc6 dxc6 17. Qd3 Nf8 18. Bf3 Nd7 19. Qd4 h5 20. a4 g4 21. Bd1 Qg5 22. Ne4
Qxe5 23. Qxe5 Nxe5 24. a5 Nd7 25. c3 O-O-O 26. Bb6 Rde8 27. Bb3 f5 28. Ng5 Bf6
29. Nxe6 Rh6 30. Nc5 Be5 31. Nxd7 Kxd7 32. Bc7 Rf6 33. Rad1 c5 34. c4 b4 35.
Bb6 Bxd6 36. Bc2 Rxe1+ 37. Rxe1 Bc6 38. Rd1 Ke7 39. b3 Kf7 40. Bxf5 Bxh2+ 41.
Kxh2 Rxf5 42. Rd6 Be4 43. Bxc5 Rxc5 44. Rxa6 Kg7 45. Ra8 Kg6 46. a6 Rf5 47. Ra7
 0-1

[Event "Mistrzostwa KKSz Seniorow 2010"]
[Site "Krakow"]
[Date "2010.08.15"]
[Round "8.2"]
[White "Zaskalski, Dawid"]
[Black "Gregulski, Zbigniew"]
[Result "1-0"]
[BlackElo "1915"]
[BlackTitle "I"]
[WhiteElo "1874"]
[WhiteTitle "I"]

1. e4 c6 2. d4 d5 3. exd5 cxd5 4. c4 Nf6 5. Nc3 e6 6. Nf3 Be7 7. Bd3 O-O 8. O-O
a6 9. Ne5 dxc4 10. Bxc4 b5 11. Bb3 Bb7 12. Re1 Nbd7 13. Bf4 Nb6 14. Rc1 Nbd5
15. Bg3 Rc8 16. Nxd5 Nxd5 17. a3 Nf6 18. Rxc8 Qxc8 19. Qe2 Rd8 20. Nxf7 Qc6 21.
d5 Rxd5 22. Qxe6 Qxe6 23. Rxe6 Kxf7 24. Rb6 Bc8 25. Rc6 Be6 26. Rxa6 Ne4 27.
Bxd5 Bxd5 28. Rb6 Bc4 29. b3 Bd3 30. a4 Nxg3 31. hxg3 bxa4 32. bxa4 Bc5 33.
Rb7+ Kf6 34. a5 g5 35. Rc7 Bd6 36. Rc6 Ke7 37. a6 Kd7 38. a7  1-0

[Event "Mistrzostwa KKSz Seniorow 2010"]
[Site "Krakow"]
[Date "2010.08.15"]
[Round "8.3"]
[White "Betlej, Jan"]
[Black "Zajac, Mateusz"]
[Result "0-1"]
[BlackElo "1871"]
[BlackTitle "II"]
[WhiteElo "1834"]
[WhiteTitle "II"]

1. e4 e6 2. d4 d5 3. Nc3 dxe4 4. Nxe4 Bd7 5. Nf3 Bc6 6. Bd3 Nd7 7. Qe2 Ngf6 8.
Bg5 Be7 9. O-O-O Nxe4 10. Bxe7 Qxe7 11. Bxe4 Bxe4 12. Qxe4 c6 13. Rhe1 O-O 14.
Ne5 Nxe5 15. dxe5 Rfd8 16. Re3 Rxd1+ 17. Kxd1 Rd8+ 18. Rd3 h6 19. Ke2 Rxd3 20.
Qxd3 Qg5 21. Qg3 Qf5 22. Kd2 Qe4 23. f4 Qd5+ 24. Kc1 Qxa2 25. Qa3 Qxa3 26. bxa3
Kf8 27. Kd2 Ke7 28. Kd3 Kd7 29. c4 c5 30. a4 h5 31. g3 Kc6 32. a5 b5 33. h3 b4
34. Kc2 Kd7 35. g4 h4 36. g5 a6  0-1

[Event "Mistrzostwa KKSz Seniorow 2010"]
[Site "Krakow"]
[Date "2010.08.15"]
[Round "8.5"]
[White "Polek, Marek"]
[Black "Krupinski, Jerzy"]
[Result "1-0"]
[BlackElo "1982"]
[BlackTitle "I"]
[WhiteElo "1703"]
[WhiteTitle "II+"]

1. e4 c5 2. Nf3 Nc6 3. d4 cxd4 4. Nxd4 d6 5. Nc3 Nf6 6. f3 Bd7 7. Be3 e6 8. Qd2
Be7 9. O-O-O a6 10. g4 Qc7 11. h4 O-O-O 12. Kb1 Ne5 13. Qe2 b5 14. Rg1 Kb8 15.
Qf2 Rc8 16. g5 Nh5 17. f4 Nc4 18. Bxc4 Qxc4 19. Nb3 Qc7 20. a3 g6 21. Na2 Kb7
22. Rd3 a5 23. Rc3 Bc6 24. Nd4 Qd7 25. Nb3 Ka6 26. Bd4 Rhd8 27. Bb6 Bxe4 28.
Nxa5 d5 29. Bxd8 Rxd8 30. Rc6+  1-0

[Event "Mistrzostwa KKSz Seniorow 2010"]
[Site "Krakow"]
[Date "2010.08.15"]
[Round "8.6"]
[White "Kosztyla, Andrzej"]
[Black "Trebala, Michal"]
[Result "0-1"]
[BlackElo "1614"]
[BlackTitle "III"]
[WhiteElo "1681"]
[WhiteTitle "II"]

1. e4 d6 2. Nc3 Nf6 3. Nf3 g6 4. h3 Bg7 5. Bc4 O-O 6. O-O c5 7. d4 cxd4 8. Nxd4
a6 9. a4 Nc6 10. Be3 Nxe4 11. Bxf7+ Rxf7 12. Nxe4 h6 13. c3 Ne5 14. Qb3 Qd7 15.
f4 Nc6 16. Rad1 Nxd4 17. Bxd4 Qe6 18. Qc2 Bd7 19. b3 Raf8 20. Nf2 Bxd4 21. Rxd4
Rxf4 22. Rxf4 Rxf4 23. c4 Qf5 24. Qd2 Bc6 25. Qe2 Qg5 26. g4 h5 27. Kh2 hxg4
28. Nxg4 Rxf1 29. Qxf1 Qd2+ 30. Qf2 Qxf2+ 31. Nxf2 Kf7 32. Kg3 Kf6 33. Kf4 g5+
34. Ke3 Kf5 35. Nd3 Be4 36. Ne1 a5 37. Kf2 Kf4 38. Ng2+ Bxg2 39. Kxg2 e5 40.
Kf2 e4 41. Ke2 Kg3 42. Ke3 Kxh3  0-1

[Event "Mistrzostwa KKSz Seniorow 2010"]
[Site "Krakow"]
[Date "2010.08.15"]
[Round "8.9"]
[White "Makowka, Kamil"]
[Black "Kapcia, Marcin"]
[Result "0-1"]
[BlackElo "1542"]
[BlackTitle "III"]
[WhiteElo "1842"]
[WhiteTitle "II"]

1. e4 e5 2. Nf3 Nc6 3. Bb5 a6 4. Ba4 Nf6 5. O-O b5 6. Bb3 Bc5 7. Nxe5 Nxe5 8. d4
Bxd4 9. Qxd4 Nc6 10. Qc5 Qe7 11. Qxe7+ Nxe7 12. Nc3 Bb7 13. f3 h6 14. Be3 O-O
15. Rfd1 d6 16. Rd2 Rfe8 17. a3 Ng6 18. Bd4 Nd7 19. Rad1 Re7 20. Nd5 Bxd5 21.
Bxd5 Rb8 22. b4 Nb6 23. Bb3 Ne5 24. Bxe5 Rxe5 25. Rd4 Rbe8 26. c4 bxc4 27. Bxc4
c5 28. Bxf7+ Kxf7 29. Rxd6 Nc4 30. Rxa6 cxb4 31. axb4 Rb5 32. Rb1 Reb8 33. Ra7+
Kg8 34. Kf2 Rxb4 35. Rxb4 Rxb4 36. h3 Rb2+ 37. Kg3 Ne3 38. e5 Rxg2+ 39. Kf4 Re2
40. Rd7 g5+ 41. Kg3 Rg2#  0-1

[Event "Mistrzostwa KKSz Seniorow 2010"]
[Site "Krakow"]
[Date "2010.08.15"]
[Round "9.1"]
[White "Sliwerski, Radoslaw"]
[Black "Polek, Marek"]
[Result "1-0"]
[BlackElo "1703"]
[BlackTitle "II+"]
[WhiteElo "2173"]
[WhiteTitle "k++"]

1. d4 d5 2. c4 e6 3. Nc3 Nf6 4. Bg5 Be7 5. Nf3 O-O 6. e3 Nbd7 7. Rc1 c6 8. Bd3
dxc4 9. Bxc4 Nd5 10. Bxe7 Qxe7 11. Ne4 N5b6 12. Bb3 e5 13. O-O exd4 14. Qxd4
Re8 15. Nd6 Rf8 16. Rfd1 Qf6 17. Qxf6 Nxf6 18. Nxf7 Rxf7 19. Rd8+  1-0

[Event "Mistrzostwa KKSz Seniorow 2010"]
[Site "Krakow"]
[Date "2010.08.15"]
[Round "9.3"]
[White "Czaplak, Lukasz"]
[Black "Zaskalski, Dawid"]
[Result "0-1"]
[BlackElo "1874"]
[BlackTitle "I"]
[WhiteElo "1714"]
[WhiteTitle "II"]

1. e4 e5 2. Nf3 Nc6 3. Bc4 Bc5 4. d3 d6 5. O-O Nf6 6. Bg5 Be6 7. Bb3 O-O 8. Nbd2
Qe7 9. c3 Rad8 10. Qe2 Rfe8 11. Rfe1 Bb6 12. Ba4 Bg4 13. h3 Bh5 14. Nf1 h6 15.
Be3 Qd7 16. Bxb6 axb6 17. Bc2 Ne7 18. Ng3 Ng6 19. Nxh5 Nxh5 20. Nh2 Nhf4 21.
Qg4 Qb5 22. b4 Nxd3 23. Qe2 Ngf4 24. Qf1 Qa6 25. Re3 Nb2 26. Qxa6 bxa6 27. Bb3
b5 28. Rb1 Nc4 29. Bxc4 bxc4 30. Rc1 Ra8 31. Nf3 c6 32. Kf1 f6 33. Rd1 Nd3 34.
Ne1 Nxe1 35. Rexe1 Red8 36. Rd2 Rd7 37. Red1 Rad8 38. Ke2 Kf7 39. Ke3 Ke6 40.
g4 g5 41. a4 d5 42. f3 Rd6 43. a5 R8d7 44. Rb1 dxe4 45. Rxd6+ Rxd6 46. Kxe4 Rd3
 0-1

[Event "Mistrzostwa KKSz Seniorow 2010"]
[Site "Krakow"]
[Date "2010.08.15"]
[Round "9.4"]
[White "Trebala, Michal"]
[Black "Gawronski, Lukasz"]
[Result "0-1"]
[BlackElo "2056"]
[BlackTitle "I"]
[WhiteElo "1614"]
[WhiteTitle "III"]

1. d4 f5 2. c4 Nf6 3. Nc3 e6 4. Nf3 Be7 5. g3 Ne4 6. Bg2 Nxc3 7. bxc3 O-O 8. O-O
Bf6 9. Qc2 d5 10. cxd5 exd5 11. Ne5 Bxe5 12. dxe5 Nc6 13. f4 Na5 14. Rd1 c6 15.
Ba3 Re8 16. e4 fxe4 17. Bxe4 Qb6+ 18. Kg2 dxe4 19. Qxe4 Be6 20. Qb4 Rad8 21.
Qxb6 axb6 22. Rd6 Nc4 23. Rxd8 Rxd8 24. Bc1 Rd3  0-1

[Event "Mistrzostwa KKSz Seniorow 2010"]
[Site "Krakow"]
[Date "2010.08.15"]
[Round "9.6"]
[White "Betlej, Jan"]
[Black "Kapcia, Janusz"]
[Result "1-0"]
[BlackElo "1468"]
[BlackTitle "II"]
[WhiteElo "1834"]
[WhiteTitle "II"]

1. e4 c5 2. c3 e5 3. Nf3 d6 4. d4 Bg4 5. dxe5 Bxf3 6. Qxf3 dxe5 7. Bb5+ Nc6 8.
Bxc6+ bxc6 9. Nd2 Bd6 10. Nc4 Bc7 11. Qg3 Qf6 12. Bg5 Qe6 13. b3 h6 14. Be3 Ne7
15. Bxc5 g5 16. O-O-O O-O 17. h4 f6 18. hxg5 fxg5 19. Bxe7 Qxe7 20. Rxh6 Qg7
21. Qh3 Rf6 22. Rxf6 Qxf6 23. Rd7 Rd8 24. Qh7+ Kf8 25. Rxc7 Qf4+ 26. Kb2 Qxf2+
27. Ka3 Qf6 28. Nxe5  1-0

[Event "Mistrzostwa KKSz Seniorow 2010"]
[Site "Krakow"]
[Date "2010.08.15"]
[Round "9.7"]
[White "Kapcia, Marcin"]
[Black "Krupinski, Jerzy"]
[Result "1/2-1/2"]
[BlackElo "1982"]
[BlackTitle "I"]
[WhiteElo "1542"]
[WhiteTitle "III"]

1. e4 c5 2. Nf3 Nc6 3. d4 cxd4 4. Nxd4 d6 5. Nc3 Nf6 6. Be3 Ng4 7. Qd2 Nxe3 8.
Qxe3 Qb6 9. Bb5 Bd7 10. Nf5 Qa5 11. O-O e6 12. Nd4 Be7 13. f4 Qb6 14. Rad1 O-O
15. Kh1 g6 16. Qf2 Rad8 17. f5 Nxd4 18. Qxd4 Qxd4 19. Rxd4 Bf6 20. Rxd6 Bxc3
21. Rxd7 Rxd7 22. Bxd7 Bxb2 23. fxe6 fxe6 24. Bxe6+ Kg7 25. Rxf8 Kxf8 26. Bd5
b6 27. g3 Ke7 28. Kg2 Kd6 29. Kf3 Ke5 30. Bg8 h6 31. Bf7 Kf6 32. Bd5 Ke5 33.
Bf7  1/2-1/2